| 000 | 00550nam a2200169 i 4500 | ||
|---|---|---|---|
| 001 | 39238 | ||
| 003 | ES-MaACL | ||
| 005 | 20230906155922.0 | ||
| 007 | t| | ||
| 008 | 030227s1980 sp ||||1| spa d | ||
| 100 | 1 |
_aCambre Mariño, Jesús. _934043 |
|
| 245 | 1 | 3 |
_aLa nuclearización de España / _cXesús Cambre Mariño. |
| 260 |
_aBarcelona : _b[s.n., _c1980] |
||
| 300 |
_a6 h. ; _c23 cm. |
||
| 500 | _aEs separata de: Instituto Catolic d'Estudis Socials de Barcelona. julio-diciembre, 1980. p. 33-34. | ||
| 852 |
_aES-MaACL _j2127-F-11 _bR.105713 |
||
| 999 |
_c39238 _d39238 |
||